| 000 | 00623nam a2200193 a 4500 | ||
|---|---|---|---|
| 005 | 20240418063758.0 | ||
| 008 | 100212s2000 mx r 000 0 eng d | ||
| 020 | _a9681861132 | ||
| 035 | _aUPN01000174693 | ||
| 049 | _aCG | ||
| 050 | 4 |
_aLC1031 _bC6.6 |
|
| 245 | 0 | 0 |
_aCompetency based education and training : _ba world perpective / _ced. Antonio Argüelles. |
| 260 |
_aMéxico : _bLimusa : _bSEP, _cc2000. |
||
| 300 |
_a229 p. : _btablas |
||
| 440 | 0 | _aReflexión y análisis | |
| 650 | 4 |
_aEducación basada en competencias _913564 |
|
| 700 | 1 |
_aArgüelles Díaz-González, Antonio, _d1959- _eed. _928745 |
|
| 905 | _aLibro | ||
| 999 |
_c146797 _d146797 |
||